[Event "28. Staufer-Open (B)"]
[Site "?"]
[Date "2016.01.02"]
[Round "1"]
[White "Fidorra, Thomas"]
[Black "Waibel, Rainer"]
[Result "1-0"]
[WhiteElo "1985"]
[BlackElo "1800"]
[PlyCount "75"]
[EventDate "2016.??.??"]
[WhiteTeam "SG Güstrow"]
[BlackTeam "SG Kurpfalz"]

1. e4 c6 2. Nf3 d5 3. exd5 cxd5 4. Ne5 Nf6 5. d4 Nc6 6. c3 Qb6 7. Qb3 Qxb3 8.
axb3 Nxe5 9. dxe5 Ng4 10. Bf4 h5 11. h3 Nh6 12. Na3 Bd7 13. Nb5 Bxb5 14. Bxb5+
Kd8 15. O-O a6 16. Rfd1 e6 17. Be2 Kc7 18. c4 dxc4 19. Rac1 Rc8 20. Rxc4+ Kb8
21. Rd7 Rxc4 22. bxc4 Kc8 23. Rd3 Nf5 24. g4 hxg4 25. hxg4 Ne7 26. Bg3 Nc6 27.
Bf3 Nd8 28. Be4 Bc5 29. Rf3 Be7 30. Kg2 Kc7 31. Bf4 Rh4 32. Kg3 Rh1 33. Rb3 Rd1
34. Be3 Nc6 35. f4 Rd7 36. g5 g6 37. Kg4 Rd8 38. Bb6+ 1-0

[Event "28. Staufer-Open (B)"]
[Site "?"]
[Date "2016.01.02"]
[Round "1"]
[White "Felde, Viktor"]
[Black "Vengring, Antal"]
[Result "0-1"]
[WhiteElo "1799"]
[BlackElo "1971"]
[PlyCount "114"]
[EventDate "2016.??.??"]
[WhiteTeam "SF 90 Spraitbach"]
[BlackTeam "Post-SV Ulm"]

1. e4 d5 2. exd5 Nf6 3. d4 Nxd5 4. Nf3 Bg4 5. Be2 Nd7 6. O-O e6 7. c4 N5b6 8.
b3 c5 9. Re1 cxd4 10. Nxd4 Bxe2 11. Qxe2 Be7 12. Bb2 O-O 13. Nc3 a6 14. Rad1
Qc7 15. Ne4 Bb4 16. Rf1 Rfd8 17. Qg4 g6 18. Qh4 Re8 19. Nf3 Be7 20. Qh6 e5 21.
Nfg5 Nf8 22. f4 f6 23. Nxh7 Nxh7 24. Qxg6+ Kh8 25. fxe5 Rg8 26. Qh5 Bc5+ 27.
Nxc5 Qxc5+ 28. Bd4 Qc6 29. Qh3 Rxg2+ 30. Qxg2 Rg8 31. Qxg8+ Kxg8 32. exf6 Kf7
33. Rde1 Nc8 34. Re5 Qd7 35. Rf4 Nf8 36. Rh4 Qd6 37. Rhe4 Qxf6 38. Re1 Qg6+ 39.
Kh1 Qd3 40. Bc5 Ng6 41. R5e3 Qf5 42. Bd4 Qf4 43. Bc5 Nh4 44. Rg3 b6 45. Ba3 Qf2
46. Reg1 Kf6 47. Bc1 Nf5 48. R3g2 Qf3 49. Re1 Ncd6 50. Kg1 Ne4 51. Rf1 Qh3 52.
Rg8 Kf7 53. Rg2 a5 54. Re1 Qd3 55. Rge2 Qd4+ 56. Kh1 Nf2+ 57. Kg2 Nd3 0-1

[Event "28. Staufer-Open (B)"]
[Site "?"]
[Date "2016.01.02"]
[Round "1"]
[White "Injac, Petar"]
[Black "Föhl, Frithjof"]
[Result "1-0"]
[WhiteElo "1958"]
[BlackElo "1791"]
[PlyCount "39"]
[EventDate "2016.??.??"]
[WhiteTeam "SF Göppingen"]
[BlackTeam "SV Oberkochen"]

1. d4 d5 2. Bg5 Nd7 3. e3 Ndf6 4. Nd2 e6 5. Bd3 Be7 6. f4 c5 7. c3 c4 8. Bc2
Nd7 9. Ngf3 h6 10. Bxe7 Nxe7 11. Qe2 Nf6 12. Ne5 a6 13. O-O O-O 14. Rf3 Ng6 15.
Bxg6 fxg6 16. Nxg6 Rf7 17. Ne5 Rf8 18. Rh3 Qe8 19. g4 Qg6 20. Nxg6 1-0

[Event "28. Staufer-Open (B)"]
[Site "?"]
[Date "2016.01.02"]
[Round "1"]
[White "von Lossow, Marcus"]
[Black "Meusel, Rolf"]
[Result "0-1"]
[WhiteElo "1782"]
[BlackElo "1949"]
[PlyCount "98"]
[EventDate "2016.??.??"]
[WhiteTeam "PTSV SK Hof"]
[BlackTeam "SK Handschuhsheim"]

1. e4 c6 2. d4 d5 3. f3 e6 4. Nc3 Bd6 5. e5 Bc7 6. Be3 b6 7. f4 g6 8. Nf3 Ne7
9. Bd3 Ba6 10. Qe2 Bxd3 11. Qxd3 a5 12. a4 Na6 13. Na2 h5 14. b3 Nf5 15. Bf2
Qe7 16. Nc1 Bd8 17. c3 Kf8 18. Ne2 h4 19. O-O Kg7 20. Rfc1 Qb7 21. Be1 Be7 22.
Rc2 Rhd8 23. Bf2 c5 24. Rb1 Rac8 25. Be1 Rc6 26. Rbc1 c4 27. bxc4 Rxc4 28. Ra1
Rdc8 29. Rcc1 Nb8 30. Nd2 R4c7 31. Rab1 Nd7 32. Qh3 Qa6 33. Rb5 Rh8 34. Qf3 Qc8
35. Qd3 Qa6 36. Qf3 Rc6 37. Rcb1 Rcc8 38. Nf1 Rc4 39. Nd2 Rxa4 40. Qd3 Ra2 41.
Nc1 Ra3 42. Qc2 Rc8 43. Nf3 Rc4 44. Qb2 Rca4 45. Bd2 Qc8 46. Ne1 Rc4 47. Nc2
Raxc3 48. Bxc3 Rxc3 49. Ne1 Nxd4 0-1

[Event "28. Staufer-Open (B)"]
[Site "?"]
[Date "2016.01.02"]
[Round "1"]
[White "Ehrlich, Benjamin"]
[Black "Grosse, Manfred"]
[Result "0-1"]
[WhiteElo "1764"]
[BlackElo "1925"]
[PlyCount "72"]
[EventDate "2016.??.??"]
[WhiteTeam "SG Turm Albstadt"]

1. e4 Nf6 2. Nc3 d5 3. exd5 Nxd5 4. Nxd5 Qxd5 5. Qf3 Qa5 6. Bc4 e6 7. Ne2 Nd7
8. Qc3 Qxc3 9. dxc3 Ne5 10. Bd3 Be7 11. Bf4 Bf6 12. O-O Bd7 13. Rad1 O-O-O 14.
h3 Nxd3 15. cxd3 e5 16. Be3 Be6 17. f4 h6 18. fxe5 Bxe5 19. d4 Bf6 20. b3 Rhe8
21. Rd3 c5 22. Nf4 Bf5 23. Bf2 Bxd3 24. Nxd3 cxd4 25. c4 Re2 26. Nf4 Rxa2 27.
Nd5 Rb2 28. Bg3 Rxd5 29. cxd5 Rxb3 30. Kh2 Rc3 31. Re1 Rc5 32. Re8+ Kd7 33. Rf8
Rxd5 34. Rxf7+ Kc6 35. Rc7+ Kb6 36. Rc1 Be5 0-1

[Event "28. Staufer-Open (B)"]
[Site "?"]
[Date "2016.01.02"]
[Round "1"]
[White "Wößmann, David"]
[Black "Horata, Hakan"]
[Result "0-1"]
[WhiteElo "1763"]
[BlackElo "1922"]
[PlyCount "68"]
[EventDate "2016.??.??"]
[WhiteTeam "Biebertaler SF"]
[BlackTeam "SC Viernheim"]

1. e4 c5 2. Nc3 Nc6 3. f4 g6 4. Nf3 Bg7 5. g3 e6 6. Bg2 Nge7 7. O-O O-O 8. d3
d5 9. Qe1 Rb8 10. g4 b5 11. Nh4 Nd4 12. Qf2 b4 13. Na4 Qa5 14. b3 Nxb3 15. cxb3
Bxa1 16. Be3 Bd4 17. Bxd4 cxd4 18. Qxd4 Nc6 19. Qe3 d4 20. Qg3 e5 21. f5 g5 22.
f6 gxh4 23. Qxh4 Kh8 24. Rf3 Bxg4 25. Qxg4 Rg8 26. Qh4 Rg6 27. Rh3 h6 28. Rg3
Rbg8 29. Bh3 Qd8 30. Bf5 Qxf6 31. Qxf6+ Rxf6 32. Rxg8+ Kxg8 33. Nb2 Ne7 34. Bg4
Rg6 0-1

[Event "28. Staufer-Open (A)"]
[Site "?"]
[Date "2016.01.02"]
[Round "1"]
[White "Vorobiov, Evgeny E"]
[Black "Dorst, Johannes"]
[Result "1-0"]
[WhiteElo "2572"]
[BlackElo "2204"]
[PlyCount "87"]
[EventDate "2016.??.??"]
[BlackTeam "SK Marburg"]

1. d4 Nf6 2. c4 c5 3. d5 b5 4. cxb5 a6 5. bxa6 g6 6. Nc3 Bg7 7. e4 O-O 8. e5
Ne8 9. Nf3 d6 10. exd6 Nxd6 11. Be2 Qa5 12. O-O Bxa6 13. Bg5 Ra7 14. Re1 Re8
15. Bf4 Rd8 16. Be5 Bh6 17. Bxa6 Qxa6 18. Bxd6 exd6 19. a4 Rb7 20. Nb5 Qa5 21.
Re4 Na6 22. Rh4 Kg7 23. Rb1 Nc7 24. b4 Qb6 25. Nxc7 Qxc7 26. b5 Qa5 27. Qe2 Qc3
28. Rc4 Qa5 29. h4 Rdd7 30. Re1 Kg8 31. g3 Bf8 32. Qd2 Qa8 33. Rce4 Rd8 34. Kg2
Bg7 35. Qe2 Kf8 36. Re7 Rxe7 37. Qxe7+ Kg8 38. b6 Bf8 39. Qc7 Qb8 40. Qxb8 Rxb8
41. a5 Bg7 42. a6 Rxb6 43. Re8+ Bf8 44. a7 1-0

[Event "28. Staufer-Open (A)"]
[Site "?"]
[Date "2016.01.02"]
[Round "1"]
[White "Aring, Gerd"]
[Black "Zubarev, Alexander"]
[Result "0-1"]
[WhiteElo "2204"]
[BlackElo "2553"]
[PlyCount "68"]
[EventDate "2016.??.??"]
[WhiteTeam "SV Nürtingen"]

1. d4 Nf6 2. Nf3 c5 3. e3 g6 4. dxc5 Bg7 5. c4 Na6 6. Nc3 Nxc5 7. Be2 b6 8. O-O
Bb7 9. Nd4 O-O 10. Bf3 Nfe4 11. Nxe4 Nxe4 12. Qc2 f5 13. b3 b5 14. Bb2 bxc4 15.
Rfd1 c3 16. Bxc3 Nxc3 17. Bxb7 Nxd1 18. Rxd1 Rb8 19. Ne6 Qe8 20. Nc7 Qf7 21.
Ba6 e6 22. Qc5 d5 23. f4 Rb6 24. b4 Rd8 25. b5 Bf8 26. Qc3 Bd6 27. Rc1 d4 28.
exd4 Bxf4 29. Rc2 Bxc7 30. Qxc7 Qxc7 31. Rxc7 Rxd4 32. Rxa7 Ra4 33. Kf2 Rxa2+
34. Ke3 Rxb5 0-1

[Event "28. Staufer-Open (A)"]
[Site "?"]
[Date "2016.01.02"]
[Round "1"]
[White "Bortnyk, Olexandr"]
[Black "Bluhm, Sonja Maria"]
[Result "1-0"]
[WhiteElo "2552"]
[BlackElo "2203"]
[PlyCount "79"]
[EventDate "2016.??.??"]
[BlackTeam "SV Hofheim"]

1. d4 Nf6 2. Nc3 d5 3. Bf4 c6 4. e3 Bf5 5. f3 e6 6. g4 Bg6 7. h4 h5 8. g5 Nfd7
9. Bd3 Bxd3 10. Qxd3 Na6 11. a3 Qa5 12. Nge2 c5 13. Kf2 c4 14. Qd2 b5 15. b4
Qb6 16. a4 bxa4 17. Nxa4 Qxb4 18. Nac3 Qb7 19. Rhb1 Nb4 20. Na4 Qc8 21. Nec3 a6
22. e4 dxe4 23. Nxe4 Nd5 24. Nac3 N7b6 25. Be5 Qc6 26. Nxd5 Nxd5 27. Qa5 Rg8
28. Qa4 Qxa4 29. Rxa4 Be7 30. Rb7 f6 31. Bd6 f5 32. Bxe7 fxe4 33. Ba3 e3+ 34.
Ke1 O-O-O 35. Ra7 e5 36. Rxc4+ Kb8 37. Rxa6 exd4 38. Ra5 Nc3 39. Rb4+ Kc7 40.
Rc5+ 1-0

[Event "28. Staufer-Open (A)"]
[Site "?"]
[Date "2016.01.02"]
[Round "1"]
[White "Hentrich, Johannes"]
[Black "Van Foreest, Jorden"]
[Result "1/2-1/2"]
[WhiteElo "2203"]
[BlackElo "2541"]
[PlyCount "82"]
[EventDate "2016.??.??"]
[BlackTeam "SK Turm Emsdetten"]

1. e4 c5 2. Nf3 e6 3. d4 cxd4 4. Nxd4 Nc6 5. Nc3 Qc7 6. Be3 a6 7. Qd2 Nf6 8.
O-O-O Be7 9. f3 b5 10. g4 Nxd4 11. Bxd4 Bb7 12. g5 Nh5 13. Be5 Qxe5 14. Qxd7+
Kf8 15. Qxb7 Qb8 16. Qxb8+ Rxb8 17. Rg1 h6 18. h4 Bc5 19. Rg4 Nf4 20. gxh6 Rxh6
21. a4 b4 22. Ne2 Ng6 23. f4 Nxh4 24. Nd4 Ng6 25. Bc4 a5 26. Kb1 Rc8 27. Bb3
Bb6 28. Nb5 Rd8 29. Rf1 Ne7 30. Rg5 Rd2 31. f5 e5 32. Rg4 Ng8 33. f6 Rxf6 34.
Rh1 Rf4 35. Rg5 Rxe4 36. Rh7 Rd1+ 37. Ka2 Rg1 38. Rhxg7 Rxg5 39. Rxf7+ Ke8 40.
Nd6+ Kd8 41. Nxe4 Rg4 1/2-1/2

[Event "28. Staufer-Open (A)"]
[Site "?"]
[Date "2016.01.02"]
[Round "1"]
[White "Burmakin, Vladimir"]
[Black "Henrich, Thomas"]
[Result "1-0"]
[WhiteElo "2539"]
[BlackElo "2200"]
[PlyCount "89"]
[EventDate "2016.??.??"]
[BlackTeam "SK Marburg"]

1. Nf3 Nf6 2. g3 d5 3. Bg2 g6 4. c4 Bg7 5. O-O O-O 6. d4 dxc4 7. Na3 c3 8. bxc3
c5 9. e3 Nc6 10. Qe2 Ne4 11. Bb2 Qa5 12. Rfc1 Nd6 13. d5 Ne5 14. Nxe5 Bxe5 15.
e4 b6 16. Bf1 Qa4 17. f4 Bg7 18. e5 Nf5 19. c4 Ba6 20. Nc2 Rad8 21. g4 Nd4 22.
Nxd4 cxd4 23. Qd1 Qd7 24. Bxd4 e6 25. Bg2 Rc8 26. g5 Bxc4 27. d6 h6 28. h4 Bd5
29. Be3 Bxg2 30. Kxg2 Qb5 31. a4 Qa6 32. Kf2 Rcd8 33. Qe2 Qb7 34. Ra2 Qe4 35.
Qc2 Qd5 36. Qc4 Qb7 37. Rac2 Rfe8 38. Qc6 Qa6 39. Qb5 Qb7 40. Rc6 Rb8 41. Qc4
Bf8 42. Rc7 Qa8 43. Qc6 Red8 44. Qxa8 Rxa8 45. Rb7 1-0

[Event "28. Staufer-Open (A)"]
[Site "?"]
[Date "2016.01.02"]
[Round "1"]
[White "Wild, Achim"]
[Black "Stupak, Kirill"]
[Result "1/2-1/2"]
[WhiteElo "2197"]
[BlackElo "2529"]
[PlyCount "34"]
[EventDate "2016.??.??"]
[WhiteTeam "SC Schwarzenbach"]

1. Nf3 g6 2. d4 Bg7 3. c4 d6 4. Nc3 e5 5. e4 exd4 6. Nxd4 Ne7 7. Be3 Nbc6 8.
Qd2 O-O 9. Be2 f5 10. exf5 Nxd4 11. Bxd4 Bxd4 12. Qxd4 Nxf5 13. Qd2 Be6 14. O-O
Qh4 15. Rae1 Rae8 16. b3 Qd4 17. Bd3 Bd7 1/2-1/2

[Event "28. Staufer-Open (A)"]
[Site "?"]
[Date "2016.01.02"]
[Round "1"]
[White "Dgebuadze, Alexandre"]
[Black "Braun, Joachim"]
[Result "1-0"]
[WhiteElo "2502"]
[BlackElo "2194"]
[PlyCount "63"]
[EventDate "2016.??.??"]
[BlackTeam "SF Birkenfeld"]

1. e4 c5 2. Nf3 e6 3. d3 d6 4. c3 Nc6 5. g3 Nge7 6. Bg2 g6 7. Na3 Bg7 8. Be3
O-O 9. Qd2 Re8 10. Bh6 Bh8 11. h4 d5 12. h5 dxe4 13. dxe4 Qxd2+ 14. Bxd2 b6 15.
hxg6 hxg6 16. Nc4 Rd8 17. O-O-O Ba6 18. Ne3 Be2 19. Rde1 Bxf3 20. Bxf3 Ne5 21.
Be2 Nd3+ 22. Bxd3 Rxd3 23. Ng4 Bg7 24. Bg5 Kf8 25. Rh7 Ng8 26. e5 Rf3 27. Rd1
b5 28. Rd7 b4 29. Bf6 Nxf6 30. exf6 Bxf6 31. Rdxf7+ Kg8 32. Nh6# 1-0

[Event "28. Staufer-Open (A)"]
[Site "?"]
[Date "2016.01.02"]
[Round "1"]
[White "Zuferi, Enis"]
[Black "Schmaltz, Roland"]
[Result "0-1"]
[WhiteElo "2192"]
[BlackElo "2485"]
[PlyCount "116"]
[EventDate "2016.??.??"]
[WhiteTeam "Heilbronner SV"]
[BlackTeam "OSG Baden-Baden"]

1. d4 Nf6 2. Nf3 g6 3. c4 Bg7 4. Nc3 O-O 5. e4 d6 6. Be2 Na6 7. Be3 e5 8. d5
Ng4 9. Bg5 f6 10. Bd2 f5 11. Qc2 Nc5 12. Bg5 Bf6 13. Bxf6 Qxf6 14. Nd2 Qh4 15.
Bxg4 fxg4 16. O-O Bd7 17. b4 Na6 18. Rab1 Rf6 19. Qd3 Raf8 20. Qe3 b6 21. Nb5
Ra8 22. Rfc1 Rf7 23. Rb2 Be8 24. Nc3 Qe7 25. a4 Nb8 26. c5 Nd7 27. cxd6 cxd6
28. Nb5 Nf6 29. Rbc2 Bxb5 30. axb5 Raf8 31. Rc8 Ne8 32. f3 gxf3 33. Nxf3 Rf4
34. R8c3 Qd7 35. Qe2 Qg4 36. Re3 Nf6 37. Nd2 Qg5 38. Rc4 Nh5 39. g3 R4f7 40.
Nf3 Qg4 41. Nd2 Qg5 42. Nf3 Qe7 43. Rc6 h6 44. Rc1 Nf6 45. Rec3 Kg7 46. Nd2 Nh7
47. Rf1 Rxf1+ 48. Nxf1 Ng5 49. h4 Nh3+ 50. Kg2 Rf2+ 51. Qxf2 Nxf2 52. Kxf2 Qf7+
53. Kg1 Qd7 54. Ne3 Qxb5 55. Rc4 a5 56. bxa5 bxa5 57. h5 a4 58. hxg6 a3 0-1

[Event "28. Staufer-Open (A)"]
[Site "?"]
[Date "2016.01.02"]
[Round "1"]
[White "Milov, Leonid"]
[Black "Denisow, Jewgeny"]
[Result "1/2-1/2"]
[WhiteElo "2465"]
[BlackElo "2192"]
[PlyCount "92"]
[EventDate "2016.??.??"]
[WhiteTeam "SC Noris-Tarrasch Nürnberg"]
[BlackTeam "SG Schwäbisch Gmünd"]

1. e4 e5 2. Nf3 Nc6 3. Bb5 Nd4 4. Nxd4 exd4 5. O-O Bc5 6. d3 Ne7 7. Qh5 Bb6 8.
Nd2 c6 9. Bc4 d5 10. Bb3 O-O 11. Nf3 f6 12. c3 dxc3 13. bxc3 Be6 14. Ba3 Re8
15. Rfe1 Bf7 16. Qg4 Ng6 17. exd5 Bxd5 18. d4 Bxb3 19. axb3 Qc8 20. Rxe8+ Qxe8
21. Re1 Qf7 22. c4 Re8 23. Rxe8+ Qxe8 24. h4 Bc7 25. g3 Bb6 26. h5 Nf8 27. Bxf8
Kxf8 28. Nh4 Bc7 29. Kg2 Kf7 30. Nf5 g6 31. Nh4 Kg7 32. d5 cxd5 33. cxd5 Qf7
34. Nf5+ Kf8 35. Qb4+ Ke8 36. Qe4+ Kd7 37. hxg6 hxg6 38. Ne3 a6 39. d6 Kxd6 40.
Qxb7 a5 41. Qb5 f5 42. Nc4+ Ke7 43. Ne3 Kd6 44. Nc4+ Ke7 45. Qc5+ Kd7 46. Qb5+
Ke7 1/2-1/2

[Event "28. Staufer-Open (A)"]
[Site "?"]
[Date "2016.01.02"]
[Round "1"]
[White "De Rooij, Raymond"]
[Black "Teske, Henrik"]
[Result "0-1"]
[WhiteElo "2190"]
[BlackElo "2461"]
[PlyCount "92"]
[EventDate "2016.??.??"]
[BlackTeam "SC Remagen"]

1. d4 Nf6 2. c4 g6 3. Nc3 Bg7 4. e4 O-O 5. h3 c5 6. d5 e6 7. Be3 exd5 8. exd5
Re8 9. Nf3 d6 10. Bd3 a6 11. a4 Nbd7 12. O-O Ne5 13. Nxe5 Rxe5 14. Bf4 Re8 15.
Re1 Bd7 16. Qd2 Qb6 17. Rxe8+ Rxe8 18. a5 Qc7 19. Bh2 Re7 20. Qc2 Bc8 21. Qb3
Nd7 22. Na4 Ne5 23. Bxe5 Bxe5 24. Nb6 Bd7 25. Qc2 Be8 26. Kf1 Bd4 27. Qd2 Re5
28. Rb1 Qe7 29. Bc2 g5 30. b4 g4 31. Qh6 f6 32. Nc8 Qc7 33. bxc5 gxh3 34. Qxh3
Bxc5 35. Rb3 Bg6 36. Bxg6 hxg6 37. Qh6 Qf7 38. g4 Qe8 39. Kg2 Rg5 40. Kf1 Rxg4
41. Rxb7 Rg1+ 42. Kxg1 Qe1+ 43. Kg2 Qxf2+ 44. Kh3 Qf1+ 45. Kg3 Qg1+ 46. Kf3
Qf2+ 0-1

[Event "28. Staufer-Open (A)"]
[Site "?"]
[Date "2016.01.02"]
[Round "1"]
[White "Carlstedt, Jonathan"]
[Black "Heimrath, Reiner"]
[Result "1-0"]
[WhiteElo "2461"]
[BlackElo "2179"]
[PlyCount "89"]
[EventDate "2016.??.??"]
[WhiteTeam "Hamburger SK"]
[BlackTeam "SC Noris-Tarrasch Nürnberg"]

1. d4 f5 2. Nc3 d5 3. Bf4 e6 4. e3 Bd6 5. Nge2 Nf6 6. Bxd6 Qxd6 7. Nf4 c6 8.
Nd3 O-O 9. f4 b6 10. Ne5 Nfd7 11. g4 Nxe5 12. dxe5 Qb4 13. a3 Qc5 14. Qd2 fxg4
15. Be2 Qe7 16. O-O-O b5 17. Bxg4 Nd7 18. e4 Nb6 19. Be2 a5 20. Qe3 b4 21. Nb1
c5 22. f5 d4 23. Qb3 Kh8 24. f6 gxf6 25. exf6 Qxf6 26. Nd2 Bb7 27. Rhg1 Qh6 28.
Qg3 Rf4 29. Kb1 Raf8 30. Rg2 Qg6 31. Qxg6 hxg6 32. Rxg6 R8f6 33. Rg5 Rh6 34.
Rdg1 Rf8 35. Rxc5 Rxh2 36. Nf3 Rh7 37. Ng5 Rg8 38. Rf1 Rh2 39. Bf3 Nd7 40. Nf7+
Kh7 41. Rc7 b3 42. Rxd7 bxc2+ 43. Kc1 Bc6 44. Rc7 Rg3 45. Ne5+ 1-0

[Event "28. Staufer-Open (A)"]
[Site "?"]
[Date "2016.01.02"]
[Round "1"]
[White "Chandler, Patrick"]
[Black "Krassowizkij, Jaroslaw"]
[Result "0-1"]
[WhiteElo "2177"]
[BlackElo "2457"]
[PlyCount "88"]
[EventDate "2016.??.??"]
[WhiteTeam "SC Gelnhausen"]
[BlackTeam "SV Griesheim"]

1. d4 d5 2. Nf3 Nf6 3. Bf4 c5 4. c3 cxd4 5. cxd4 Qb6 6. Qb3 Qxb3 7. axb3 Nc6 8.
Na3 e6 9. Nb5 Bb4+ 10. Bd2 Bxd2+ 11. Nxd2 Ke7 12. e3 Bd7 13. Nc3 Nb4 14. Rc1
Rhc8 15. Be2 Ne8 16. O-O Nd6 17. Rfd1 Rc7 18. Na4 Bc6 19. Ra1 Bb5 20. Bxb5 Nxb5
21. Nb1 Rc2 22. Kf1 Rac8 23. Nac3 a6 24. Na4 Nd6 25. Na3 R2c6 26. f3 Nc2 27.
Nxc2 Rxc2 28. Rd3 Nf5 29. Re1 Nh4 30. Re2 Rxe2 31. Kxe2 Rc2+ 32. Rd2 Rxd2+ 33.
Kxd2 Kd6 34. Nc5 Kc7 35. Nd3 Nxg2 36. Ne5 f6 37. Nd3 Nh4 38. Ke2 b6 39. Nf4 Kd6
40. Nh5 Nf5 41. Kd3 e5 42. dxe5+ Kxe5 43. e4 dxe4+ 44. fxe4 g6 0-1

[Event "28. Staufer-Open (A)"]
[Site "?"]
[Date "2016.01.02"]
[Round "1"]
[White "Womacka, Mathias"]
[Black "Krockenberger, Martin"]
[Result "1-0"]
[WhiteElo "2429"]
[BlackElo "2175"]
[PlyCount "85"]
[EventDate "2016.??.??"]
[WhiteTeam "SK Schwäbisch Hall"]
[BlackTeam "SK Schmiden/Cannstatt"]

1. e4 e6 2. d4 d5 3. Nd2 Nf6 4. e5 Nfd7 5. Bd3 c5 6. c3 Nc6 7. Ne2 cxd4 8. cxd4
f6 9. exf6 Nxf6 10. Nf3 Bd6 11. O-O O-O 12. Bf4 Nh5 13. Bxd6 Qxd6 14. Nc3 g6
15. Re1 Bd7 16. Bb5 Rae8 17. Bxc6 Bxc6 18. Ne5 Re7 19. Qd2 Nf6 20. Re3 Be8 21.
Rae1 b5 22. Rf3 b4 23. Ne2 Rg7 24. Nc1 g5 25. Ncd3 a5 26. Nc5 Nd7 27. Ncxd7
Bxd7 28. Rxf8+ Kxf8 29. Rc1 Be8 30. Qe3 Qd8 31. Rc5 Rc7 32. Rxc7 Qxc7 33. Qxg5
Qc2 34. Qf6+ Kg8 35. Qxe6+ Kf8 36. Qf6+ Kg8 37. Qe6+ Kf8 38. Qf6+ Kg8 39. h4
Qd1+ 40. Kh2 Qxd4 41. Nd7 Qxf6 42. Nxf6+ Kf8 43. Nxe8 1-0

[Event "28. Staufer-Open (A)"]
[Site "?"]
[Date "2016.01.02"]
[Round "1"]
[White "Jansen, Dirk Norbert"]
[Black "Gavrilov, Alexei"]
[Result "0-1"]
[WhiteElo "2174"]
[BlackElo "2425"]
[PlyCount "52"]
[EventDate "2016.??.??"]
[WhiteTeam "SVG Plettenberg"]

1. c4 e5 2. g3 Nf6 3. Bg2 c6 4. d4 Bb4+ 5. Bd2 Bxd2+ 6. Qxd2 d6 7. dxe5 dxe5 8.
Qxd8+ Kxd8 9. Nc3 Be6 10. b3 Nfd7 11. Nf3 f6 12. h4 h5 13. O-O-O Kc7 14. Ne4 a5
15. Kb2 Na6 16. Rd2 Ndc5 17. Nc3 a4 18. Rc1 axb3 19. axb3 Nb4 20. Ne1 Ra6 21.
Nc2 Rb6 22. Nxb4 Rxb4 23. Nd5+ Bxd5 24. cxd5 Nxb3 25. Kc3 Rb5 26. d6+ Kb6 0-1

[Event "28. Staufer-Open (A)"]
[Site "?"]
[Date "2016.01.02"]
[Round "1"]
[White "Smirnov, Artem"]
[Black "Budzyn, Matthias"]
[Result "1-0"]
[WhiteElo "2422"]
[BlackElo "2172"]
[PlyCount "113"]
[EventDate "2016.??.??"]
[BlackTeam "SG Turm Kiel"]

1. d4 Nf6 2. Bg5 d5 3. Nd2 h6 4. Bxf6 exf6 5. e3 Bd6 6. Bd3 O-O 7. Qf3 Be6 8.
Ne2 c5 9. c3 Nc6 10. g4 Qd7 11. h3 cxd4 12. exd4 a6 13. Nf1 Rfe8 14. Ne3 Bf8
15. h4 g6 16. Kf1 Bg7 17. Re1 b5 18. h5 g5 19. Bc2 Na5 20. b3 Nc6 21. Kg2 Red8
22. Nf5 Bxf5 23. Bxf5 Qa7 24. b4 Ne7 25. Bc2 Qd7 26. Ng3 Re8 27. Re3 Nc6 28.
Rhe1 Rxe3 29. Rxe3 Ne7 30. Qe2 Kf8 31. Qf3 Re8 32. a3 Nc6 33. Rxe8+ Kxe8 34.
Nf5 Bf8 35. Ne3 Ne7 36. Bb3 Qc6 37. Bxd5 Qxc3 38. Qxf6 Nxd5 39. Nxd5 Qc8 40.
Qe5+ Kd8 41. Kf3 Qc6 42. Qf5 Bg7 43. Qe4 Qe6 44. Ne3 Qxe4+ 45. Kxe4 Kd7 46. Nf5
Bf8 47. d5 f6 48. d6 Ke6 49. f3 Bxd6 50. Nxd6 Kxd6 51. Kf5 Ke7 52. Kg6 Ke6 53.
Kxh6 Kf7 54. Kh7 f5 55. gxf5 Kf6 56. Kg8 Kxf5 57. h6 1-0

[Event "28. Staufer-Open (A)"]
[Site "?"]
[Date "2016.01.02"]
[Round "1"]
[White "Martin, Julian"]
[Black "Bodrozic, Tomislav"]
[Result "1/2-1/2"]
[WhiteElo "2171"]
[BlackElo "2421"]
[PlyCount "55"]
[EventDate "2016.??.??"]
[WhiteTeam "OSG Baden-Baden"]
[BlackTeam "SK Ettlingen"]

1. e4 c5 2. Nf3 d6 3. d4 cxd4 4. Nxd4 Nf6 5. Nc3 a6 6. Be3 e5 7. Nb3 Be7 8. h3
O-O 9. f4 b5 10. g3 Nbd7 11. Bg2 b4 12. Nd5 Nxd5 13. exd5 a5 14. O-O Ba6 15.
Re1 Bf6 16. f5 Bg5 17. Qd2 Bxe3+ 18. Qxe3 Qc7 19. Rac1 a4 20. Nd2 Nc5 21. f6
gxf6 22. Qh6 Qe7 23. Be4 f5 24. Bxf5 f6 25. Ne4 Rad8 26. Nxc5 dxc5 27. Re4 Kh8
28. d6 1/2-1/2

[Event "28. Staufer-Open (A)"]
[Site "?"]
[Date "2016.01.02"]
[Round "1"]
[White "Skembris, Spyridon"]
[Black "Klimentov, Evgeny"]
[Result "1-0"]
[WhiteElo "2416"]
[BlackElo "2170"]
[PlyCount "69"]
[EventDate "2016.??.??"]
[WhiteTeam "SC Grunbach"]

1. c4 e5 2. g3 d6 3. Nc3 f5 4. d4 e4 5. f3 exf3 6. exf3 Nf6 7. Bd3 g6 8. Nge2
Bg7 9. O-O O-O 10. Bg5 h6 11. Be3 Nc6 12. Qd2 Kh7 13. Rae1 Re8 14. Bf2 Be6 15.
Nf4 Bf7 16. Kg2 Qd7 17. h4 Kg8 18. Ncd5 Nxd5 19. cxd5 Nxd4 20. Bc4 c5 21. dxc6
Nxc6 22. Bxf7+ Qxf7 23. Qxd6 Ne5 24. Qd5 Qxd5 25. Nxd5 Nd3 26. Rd1 Nxb2 27. Rd2
b6 28. Rc1 Red8 29. Rc6 Kh7 30. Rc7 Rac8 31. Rxa7 Kh8 32. Bxb6 Rd6 33. Bd4 Bxd4
34. Rxd4 Rc5 35. Nf6 1-0

[Event "28. Staufer-Open (A)"]
[Site "?"]
[Date "2016.01.02"]
[Round "1"]
[White "Arnold, Max"]
[Black "Kourousis, Epaminondas"]
[Result "0-1"]
[WhiteElo "2170"]
[BlackElo "2408"]
[PlyCount "72"]
[EventDate "2016.??.??"]
[WhiteTeam "SF Dornstetten-Pfalzgrafenweiler"]
[BlackTeam "SG Schwäbisch Gmünd"]

1. d4 Nf6 2. Nf3 b6 3. g3 Bb7 4. Bg2 e6 5. c4 g6 6. O-O Bg7 7. b3 O-O 8. Bb2 d5
9. Ne5 Nfd7 10. Nxd7 Qxd7 11. Nc3 c6 12. e3 a5 13. Na4 Qd8 14. cxd5 exd5 15.
Qd2 Nd7 16. Rfc1 f5 17. Rc2 Nf6 18. Rac1 Ne4 19. Qd1 Rf6 20. a3 Re6 21. Kh1 Bf8
22. Qf3 Ra7 23. Re1 Ba8 24. Qd1 Rf7 25. Qd3 Bb7 26. Nc3 g5 27. f3 Nd6 28. e4
dxe4 29. fxe4 fxe4 30. Nxe4 c5 31. Rce2 Nxe4 32. Bxe4 Rxe4 33. Rxe4 Qd5 34. Kg1
Re7 35. R4e2 Qh1+ 36. Kf2 Qg2# 0-1

[Event "28. Staufer-Open (A)"]
[Site "?"]
[Date "2016.01.02"]
[Round "1"]
[White "Höglauer, Patrick"]
[Black "Yankelevich, Lev"]
[Result "0-1"]
[WhiteElo "2170"]
[BlackElo "2405"]
[PlyCount "64"]
[EventDate "2016.??.??"]
[WhiteTeam "SV Backnang"]
[BlackTeam "SC Eppingen"]

1. d4 Nf6 2. c4 g6 3. Nc3 Bg7 4. e4 d6 5. f3 O-O 6. Be3 c5 7. dxc5 dxc5 8. Qxd8
Rxd8 9. Bxc5 Nc6 10. Nge2 Nd7 11. Bf2 Nde5 12. Nf4 b6 13. Be2 Ba6 14. Nb5 Rac8
15. Rd1 Rxd1+ 16. Kxd1 Bh6 17. g3 Nb4 18. a3 Nxc4 19. Bxc4 Rxc4 20. Nxa7 Bxf4
21. gxf4 Nd3 22. Be3 Rc7 23. b4 Nb2+ 24. Ke1 Nc4 25. Bf2 Rxa7 26. a4 Rd7 27.
Rg1 Rd3 28. b5 Bb7 29. Rg3 Ra3 30. Ke2 Ra2+ 31. Kd3 Nb2+ 32. Kd4 Rxa4+ 0-1

[Event "28. Staufer-Open (A)"]
[Site "?"]
[Date "2016.01.02"]
[Round "1"]
[White "Zeller, Frank"]
[Black "Hebbering, Tom Elliot"]
[Result "1-0"]
[WhiteElo "2392"]
[BlackElo "2160"]
[PlyCount "51"]
[EventDate "2016.??.??"]
[WhiteTeam "SK Schwäbisch Hall"]
[BlackTeam "SC Herborn"]

1. e4 e5 2. f4 d5 3. exd5 exf4 4. Nf3 Nf6 5. Be2 Nxd5 6. c4 Nf6 7. d4 Bd6 8. c5
Be7 9. Bxf4 Bg4 10. Nc3 O-O 11. Qd2 b6 12. h3 Bf5 13. cxb6 axb6 14. O-O Ne4 15.
Qe3 Nxc3 16. Qxc3 Bd6 17. Ne5 c5 18. Bc4 Bxe5 19. Bxe5 cxd4 20. Bxd4 Qg5 21.
Rxf5 Qxf5 22. Rf1 Qg6 23. Bxf7+ Qxf7 24. Rxf7 Rxf7 25. Qc8+ Rf8 26. Qb7 1-0

[Event "28. Staufer-Open (A)"]
[Site "?"]
[Date "2016.01.02"]
[Round "1"]
[White "Buckels, Valentin"]
[Black "Müller, Ralf"]
[Result "1/2-1/2"]
[WhiteElo "2160"]
[BlackElo "2374"]
[PlyCount "84"]
[EventDate "2016.??.??"]
[WhiteTeam "SV Mülheim-Nord"]
[BlackTeam "SC Erdmannhausen"]

1. d4 Nf6 2. c4 g6 3. Nf3 Bg7 4. g3 O-O 5. Bg2 d5 6. cxd5 Nxd5 7. O-O Nb6 8.
Nc3 Nc6 9. d5 Na5 10. Qc2 c6 11. dxc6 Nxc6 12. Rd1 Qe8 13. Qe4 Bf5 14. Qh4 f6
15. g4 Bc2 16. Rd2 g5 17. Qg3 Bg6 18. Nb5 Rc8 19. Nfd4 Nxd4 20. Nxd4 Qd7 21.
Nc6 Qe6 22. Nd4 Qd7 23. Nc6 Qe6 24. Nd4 Qf7 25. Nf5 Rfd8 26. Rxd8+ Rxd8 27. Be3
e5 28. Qf3 Rd7 29. b3 Bf8 30. Rc1 Qe8 31. h4 h6 32. h5 Bf7 33. Ng3 Qd8 34. Ne4
Be7 35. Bc5 Rc7 36. Kh2 Bxc5 37. Rxc5 Rxc5 38. Nxc5 Nd5 39. Qd3 Qc7 40. Ne4 Kg7
41. e3 b6 42. Ng3 Ne7 1/2-1/2